German cities with most university students - Statistics

General Stats
  • This quiz has been taken 62 times
  • The average score is 8 of 10
Answer Stats
Students Stadt % Correct
196,776 Berlin
100%
134,834 Munich
98%
98,265 Cologne
96%
93,398 Hamburg
95%
68,817 Frankfurt am Main
93%
52,635 Stuttgart
82%
52,318 Düsseldorf
77%
57,896 Aachen
45%
61,339 Münster
38%
53,970 Bochum
34%
No matching quizzes found
Score Distribution
Percent of People with Each Score
Percentile by Number Answered
Your Score History
You have not taken this quiz